[Event "IBCA Wch blind 10th"]
[Site "Istanbul"]
[Date "2002.11.25"]
[Round "6"]
[White "Berlinsky, Vladimir"]
[Black "Cabarkapa, Milenko"]
[Result "1/2-1/2"]
[WhiteElo "2380"]
[BlackElo "2180"]
[PlyCount "45"]
[EventDate "2002.11.20"]
[EventType "swiss"]
[EventRounds "9"]
[EventCountry "TUR"]
[SourceTitle "EXT 2004"]
[Source "ChessBase"]
[SourceDate "2003.11.25"]
[SourceVersion "1"]
[SourceVersionDate "2003.11.25"]
[SourceQuality "1"]

1. e4 c5 2. Nf3 d6 3. d4 cxd4 4. Nxd4 Nf6 5. Nc3 a6 6. Bg5 e6 7. f4 Be7 8. Qf3 Qc7 9. 0-0-0 Nbd7 10. Bd3 h6 11. h4 Nc5 12. Bxf6 Bxf6 13. Be2 Bd7 14. g4 Qb6 15. Kb1 Rc8 16. g5 hxg5 17. hxg5 Rxh1 18. Qxh1 Bxd4 19. Rxd4 Na4 20. Rxa4 Rxc3 21. Rc4 Rxc4 22. Bxc4 Qd4 23. Bd3 1/2-1/2